000 005280000a22001690004500
020 _a0-8308-5060-0
041 0 _aENG
082 0 4 _aG 224.2 H3181j
100 1 _aHarrison, R. K. (Roland Kenneth)
245 1 0 _aJeremías y Lamentaciones : Introducción y comentario / R. K. Harrison
260 _aBuenos Aires, Argentina : Certeza
300 _a287 Pag
440 0 _aColección Comentarios Didaqué
650 1 4 _aBIBLIA A.T. - JEREMIAS - COMENTARIOS \ BIBLIA A.T. - LAMENTACIONES - COMENTARIOS
001 2891
942 _cBK
999 _c33629
_d33629